000 00493nam a2200205Ia 4500
003 OSt
005 20221005113642.0
006 a|||||r|||| 00| 0
007 ta
008 221004b |||||||| |||| 00| 0 eng d
024 _a113102
037 _cTextual
040 _aCRL
_cCRL
_beng
041 _2eng
_aeng
100 _aChandra Mahesh
245 0 _aAaykar aiv Vikreykar
700 _a Goyal SP
_9624708
942 _cTEXL
_2cc
999 _c1028856
_d1028856